000 00459nam a22001817a 4500
005 20230128115725.0
008 230125b |||||||| |||| 00| 0 eng d
020 _a978812939713
041 _aeng
082 _a333.7 RAJ -N
100 _aRAJPUT , Er. R.K
_97487
245 _aNON -CONVENTIONAL ENERGY SOURCES AND UTILISATION
250 _a2nd ed.
260 _bS.CHAND AND COMPANY
_c2020
300 _a480
650 _aAGRICULTURE
_92837
942 _cBK
999 _c8200
_d8198